000 00477nam a2200193Ia 4500
008 240510s9999 xx 000 0 und d
020 _a0000078812909
041 _aEng
082 _a005.133
082 _bO16
100 _aO'BRIEN, Stephen K.
245 0 _aTurbo Pascal :The complete reference
260 _bBroland Osborne/McGrawe Hill, Barkeley
260 _c1988
300 _a814 p.
650 _aProgramming languages : Pascal
942 _2ddc
942 _cLBK
999 _c24552
_d24552
945 _a1
_bMadushi Gamage
_c1
_dMadushi Gamage